[Event "GCT Saint Louis Blitz 2019"]
[Site "Saint Louis"]
[Date "2019.08.13"]
[Round "6"]
[White "Caruana, Fabiano"]
[Black "Vachier-Lagrave, Maxime"]
[Result "0-1"]
[WhiteElo "2818"]
[BlackElo "2778"]
[Annotator "TA"]
[PlyCount "46"]
[EventDate "2019.08.13"]
[EventType "tourn"]
[EventCountry "USA"]
[SourceTitle "playchess.com"]
[Source "ChessBase"]
[SourceQuality "1"]

{[%evp 10,60,29,12,12,12,10,0,4,-8,33,0,0,0,11,-52,-49,-91,0,0,-5,-43,0,0,0,0,0,-35,-28,-68,-72,-64,-71,-66,-64,-64,-70,-70,-29,-30,-30,-37,-22,-121,-110,-136,-129,-167,-110,-247,-236,-584,-581]} 1. e4 c5 2. Nf3 d6 3. d4 cxd4 4. Nxd4 Nf6 5. Nc3 a6 6. Nb3 Nbd7 {B90: Sicilian Najdorf: Unusual White 6th moves, 6 Be3 Ng4 and 6 Be3 e5} (6... g6 7. Be3 Bg7 8. Qd2 Ng4 9. Bg5 h6 10. Bh4 g5 11. Bg3 Nc6 12. Be2 Nge5 13. h4 gxh4 14. Bxh4 {0-1 (35) Alekseenko,K (2638)-Nepomniachtchi,I (2763) St Petersburg 2018}) 7. g4 b5 8. a3 Bb7 {The position is equal.} 9. Bg2 h6 10. h4 g6 $146 ({Predecessor:} 10... Ne5 11. g5 hxg5 12. hxg5 Rxh1+ 13. Bxh1 Nfd7 14. Nd4 {0-1 (32) Marczuk,A (1931)-Zylka,S (2239) Suchedniow 2016}) 11. Qe2 Bg7 12. g5 (12. Bd2 $11) 12... hxg5 $15 13. Bxg5 Qc7 ({Black should try} 13... Nh5 $1 $17) 14. O-O-O $11 Rc8 15. Kb1 Qc4 16. Qd2 b4 $1 {[%cal Rb4c3]} ({Avoid the trap} 16... Nxe4 $2 17. Nxe4 Bxe4 18. Bxe4 $18) 17. axb4 Qxb4 18. Rhe1 {White wants to play f4.} Ne5 {Hoping for ...Nc4.} 19. Bxf6 Bxf6 20. Nd5 Qxd2 21. Nxf6+ exf6 22. Rxd2 Rxh4 23. Na5 Rc7 {Played: Bb7-a8} 0-1

[Event "GCT Saint Louis Blitz 2019"]
[Site "Saint Louis"]
[Date "2019.08.13"]
[Round "6"]
[White "Ding, Liren"]
[Black "Karjakin, Sergey"]
[Result "1/2-1/2"]
[WhiteElo "2805"]
[BlackElo "2750"]
[Annotator "TA"]
[PlyCount "59"]
[EventDate "2019.08.13"]
[EventType "tourn"]
[EventCountry "USA"]
[SourceTitle "playchess.com"]
[Source "ChessBase"]
[SourceQuality "1"]

{[%evp 11,59,0,0,2,0,0,18,0,25,28,40,32,35,29,40,34,36,31,30,24,27,27,31,25,35,21,33,15,26,8,21,4,21,0,0,0,8,4,9,0,4,0,0,0,0,0,0,0,0,0]} 1. d4 Nf6 2. c4 e6 3. Nf3 d5 4. Nc3 Bb4 5. Bg5 h6 6. Bh4 dxc4 7. a3 {D38: Queen's Gambit Declined: Ragozin Defence (4 Nf3 Bb4)} Bxc3+ 8. bxc3 c5 (8... Nbd7 9. e3 b5 10. a4 c6 11. Qb1 Qa5 12. Qb2 Ne4 13. axb5 Qxb5 14. Qc1 c5 {½-½ (85) Mamedyarov,S (2790)-Navara,D (2739) Shamkir 2019}) 9. e3 cxd4 $146 ({Predecessor:} 9... Qa5 10. Bxf6 Qxc3+ 11. Nd2 gxf6 12. Bxc4 cxd4 13. Rc1 Qxa3 14. O-O Nc6 15. exd4 {½-½ (25) Verlinde,P (2214)-Galje,H (2263) ICCF email 2015}) 10. cxd4 Qa5+ 11. Nd2 $1 Ne4 12. Bxc4 Bd7 13. Bd3 Bc6 14. Bxe4 Bxe4 15. O-O Bc6 16. Rc1 {aiming for Nc4.} O-O 17. Nc4 Qd5 {[%csl Gc6][%cal Rd5g2] [#]} 18. f3 Bb5 19. e4 Qh5 20. Bf2 Nc6 {The position is equal.} 21. Qd2 Rfd8 22. Rfd1 Rd7 23. Qb2 Bxc4 24. Rxc4 Rad8 25. a4 Qa5 (25... Kh7 {seems wilder.} 26. h3 f5 27. Rc5 Qg6 28. exf5 exf5 29. d5 Ne7) 26. Qb5 a6 27. Qxa5 Nxa5 28. Rc5 Nc6 {[%cal Rc6d4]} 29. Rc4 Rd6 30. Kf1 {Accuracy: White = 73%, Black = 69%.} 1/2-1/2

[Event "GCT Saint Louis Blitz 2019"]
[Site "Saint Louis"]
[Date "2019.08.13"]
[Round "6"]
[White "Dominguez Perez, Leinier"]
[Black "Aronian, Levon"]
[Result "1-0"]
[WhiteElo "2763"]
[BlackElo "2765"]
[Annotator "RC"]
[PlyCount "61"]
[EventDate "2019.08.13"]
[EventType "tourn"]
[EventCountry "USA"]
[SourceTitle "playchess.com"]
[Source "ChessBase"]
[SourceQuality "1"]
[TimeMode "Bronstein"]
[TimeControl "300+3"]

1. e4 {[%emt 0:00:00]} e5 {[%emt 0:00:00]} 2. Nf3 {[%emt 0:00:00]} Nc6 {[%emt 0:00:00]} 3. Bb5 {[%emt 0:00:00]} Nf6 {[%emt 0:00:00]} 4. d3 {[%emt 0:00:03]} Bc5 {[%emt 0:00:00]} 5. Bxc6 {[%emt 0:00:11]} dxc6 {[%emt 0:00:00]} 6. Nbd2 {[%emt 0:00:03]} Be6 {[%emt 0:00:01]} 7. O-O {[%emt 0:00:06]} Bd6 {[%emt 0:00:01]} 8. Nb3 {[%emt 0:00:06]} a5 {[%emt 0:00:45]} 9. Qe1 {[%emt 0:00:04]} a4 {[%emt 0:00:34]} 10. Na5 {[%emt 0:00:03]} Qb8 {[%emt 0:00:12]} 11. b4 {[%emt 0:00:03]} Bg4 {[%emt 0:01:04]} 12. Nh4 {[%emt 0:00:54]} O-O {[%emt 0:00:03]} 13. Nc4 {[%emt 0:00:09]} Be6 {[%emt 0:00:10]} 14. Nxd6 {[%emt 0:00:21]} cxd6 {[%emt 0:00:03]} 15. f4 {[%emt 0:00:03]} exf4 {[%emt 0:00:49]} 16. Bxf4 {[%emt 0:00:05]} Re8 {[%emt 0:00:15]} 17. a3 {[%emt 0:00:36]} Nh5 {[%emt 0:00:20]} 18. Bd2 {[%emt 0:00:35]} d5 {[%emt 0:00:20]} 19. Qe2 {[%emt 0:00:33]} Nf6 {[%emt 0:00:03]} 20. Rxf6 {[%emt 0:00:44]} gxf6 {[%emt 0:00:03]} 21. Rf1 {[%emt 0:00:08]} dxe4 {[%emt 0:00:07]} 22. Bc3 {[%emt 0:00:07]} Qd6 {[%emt 0:00:29]} 23. Bxf6 {[%emt 0:00:14]} h6 {[%emt 0:00:22]} 24. Qh5 {[%emt 0:00:08]} Kh7 {[%emt 0:00:04]} 25. Nf5 {[%emt 0:00:16]} Qf8 {[%emt 0:00:03]} 26. dxe4 {[%emt 0:00:15]} Rad8 {[%emt 0:00:03]} 27. Rf4 {[%emt 0:00:08]} Rd2 {[%emt 0:00:03]} 28. Rg4 {[%emt 0:00:03]} Rd1+ {[%emt 0:00:03]} 29. Kf2 Rd2+ 30. Ke1 {[%emt 0:00:03]} Rxc2 {[%emt 0:00:03]} 31. Bg7 {[%emt 0:00:07]} 1-0

[Event "GCT Saint Louis Blitz 2019"]
[Site "Saint Louis"]
[Date "2019.08.13"]
[Round "6"]
[White "Yu, Yangyi"]
[Black "Carlsen, Magnus"]
[Result "1-0"]
[WhiteElo "2752"]
[BlackElo "2882"]
[Annotator "TA"]
[PlyCount "49"]
[EventDate "2019.08.13"]
[EventType "tourn"]
[EventCountry "USA"]
[SourceTitle "playchess.com"]
[Source "ChessBase"]
[SourceQuality "1"]

{[%evp 19,59,58,72,44,63,68,82,77,119,77,106,100,96,99,102,102,99,93,108,112,99,92,95,85,268,261,262,253,281,250,682,559,647,627,1063,1062,29987,29985,29989,2046,29997,454]} 1. e4 c5 2. Nf3 d6 3. d4 cxd4 4. Nxd4 Nf6 5. Nc3 Bd7 6. Be3 Ng4 7. Bc1 Nc6 8. Be2 Nf6 9. Be3 g6 10. Qd2 Bg7 11. O-O-O {B72: Sicilian Dragon: 6 Be3, lines with h3+Bc4 and sidelines} h5 (11... Rc8 12. Kb1 O-O 13. f3 Ne5 14. g4 b5 15. h4 Bxg4 16. fxg4 b4 17. Na4 Qa5 18. b3 Nxe4 19. Qe1 Nc5 20. h5 Nxa4 21. bxa4 Rc3 {1-0 (32) Hovhannisyan,R (2637)-Melkumyan,H (2670) St Petersburg 2018}) 12. f3 Rc8 13. Kb1 {White is better.} Ne5 14. Rhe1 O-O 15. h3 a6 $146 ({Predecessor:} 15... Nc4 16. Bxc4 Rxc4 17. g4 b5 18. e5 dxe5 {1-0 (36) Palac,M (2561)-Sanchez,N (2169) Cap d'Agde 2010}) 16. g4 b5 {[%cal Bb7b5,Bb5c4,Bc4c3][%mdl 32]} 17. Nd5 Nc4 18. Bxc4 bxc4 19. Nxf6+ Bxf6 20. gxh5 c3 21. Qg2 Kh7 $2 (21... cxb2 $16 22. hxg6 Qa5) 22. hxg6+ fxg6 23. b3 Qa5 24. f4 ({Don't do} 24. Rg1 $6 Rg8 $16) 24... Rc4 $2 (24... Qh5 25. Rg1 Rg8) 25. f5 {Played: e4-e5} 1-0

[Event "GCT Saint Louis Blitz 2019"]
[Site "Saint Louis"]
[Date "2019.08.13"]
[Round "6"]
[White "Rapport, Richard"]
[Black "Mamedyarov, Shakhriyar"]
[Result "1-0"]
[WhiteElo "2747"]
[BlackElo "2764"]
[Annotator "TA"]
[PlyCount "69"]
[EventDate "2019.08.13"]
[EventType "tourn"]
[EventCountry "USA"]
[SourceTitle "playchess.com"]
[Source "ChessBase"]
[SourceQuality "1"]

{[%evp 9,69,25,25,27,20,20,24,14,62,60,53,37,57,38,86,30,28,15,20,18,61,63,62,61,68,58,70,60,119,64,88,56,118,98,143,139,126,77,66,80,111,8,21,-137,25,0,0,0,0,-33,-33,-42,-45,-141,41,51,379,333,339,347,344,324]} 1. d4 d5 2. c4 c5 3. cxd5 Qxd5 4. e3 (4. Nf3 cxd4 5. Nc3 Qa5 6. Nxd4 Nf6 7. g3 e5 8. Nb3 Qc7 9. Bg2 Bb4 10. Bd2 O-O 11. O-O {1-0 (44) So,W (2778)-Mamedyarov,S (2808) Paris 2018}) 4... e6 5. Nc3 Qd8 6. Nf3 {D06: Queen's Gambit: Symmetrical and Baltic Defences} Nf6 7. Bd3 a6 8. O-O {White has an edge.} Nc6 9. dxc5 Bxc5 10. Qe2 $146 ({Predecessor:} 10. a3 O-O 11. b4 Ba7 12. Bb2 Qe7 13. Ne4 Nd5 14. Ng3 Rd8 15. Qc2 f5 16. Rad1 Bd7 17. e4 fxe4 18. Bxe4 Nf6 {1-0 (73) Karpov,A (2670)-Drazic,S (2493) Ajaccio 2007}) 10... Qc7 11. b3 Nb4 12. Ne4 (12. Bb1 $16) 12... Nxd3 13. Nxf6+ gxf6 14. Qxd3 Qe7 15. Bb2 e5 {Threatening ...e4.} 16. Qe4 O-O 17. Rac1 a5 18. Nh4 Ra6 (18... Rd8 $14) 19. Rc4 (19. Ba3 $1 $16 {[%cal Ra3c5]} Rc6 20. Rxc5 Rxc5 21. Nf5 (21. Bxc5 Qxc5 22. Nf5 Bxf5 $14) 21... Bxf5 22. Qxf5) 19... Rc6 $14 20. Rfc1 Kh8 (20... Ba3 $14) 21. Nf5 $16 Qc7 22. Qf3 Rg8 23. Rh4 {White threatens Rxh7+! and mate.} Rg5 24. Ng3 {Strongly threatening Rxc5!} f5 25. Qd5 ({White should play} 25. Rhc4 $16 f6 26. h4) 25... f6 $11 26. Rh5 $2 (26. Qf3 $11) 26... Bxe3 $2 (26... Rxh5 $1 $17 27. Nxh5 Bd4) 27. Rd1 Bf4 28. Rxg5 $1 $40 {[%mdl 128] Black needs to defend precisely.} Bxg5 29. f4 Bxf4 30. Nh5 $1 {Threatening mate with Qd8+.} Be3+ 31. Kh1 {[#]} (31. Kf1 $1 $15 Bd4 32. Bxd4) 31... Bb6 $2 {[#]} (31... Bd4 $1 $17 {aiming for ...Be6.} 32. Bxd4 Rd6) 32. Nxf6 $1 $14 {[%mdl 512]} Rxf6 $4 {[%mdl 8192]} ({Black should try} 32... Be6 $1 $14 33. Qd3 Rc5) 33. Qxe5 Qxe5 34. Bxe5 Kg7 {White must now prevent ...Bc5.} 35. Bxf6+ {Accuracy: White = 41%, Black = 28%.} 1-0

[Event "GCT Saint Louis Blitz 2019"]
[Site "Saint Louis"]
[Date "2019.08.13"]
[Round "7"]
[White "Carlsen, Magnus"]
[Black "Dominguez Perez, Leinier"]
[Result "1/2-1/2"]
[WhiteElo "2882"]
[BlackElo "2763"]
[Annotator "TA"]
[PlyCount "126"]
[EventDate "2019.08.13"]
[EventType "tourn"]
[EventCountry "USA"]
[SourceTitle "playchess.com"]
[Source "ChessBase"]
[SourceQuality "1"]

{[%evp 9,126,-17,-23,-20,-25,-32,0,-12,-20,-12,-2,-25,-23,-19,0,-2,0,0,0,0,10,-25,-20,-20,-17,-5,-16,-17,-12,-25,0,0,0,0,0,0,0,-12,6,0,20,23,31,31,31,31,31,31,31,31,35,25,25,26,35,35,33,16,16,16,16,14,14,14,10,0,0,0,0,0,0,0,0,0,0,0,0,0,0,0,0,0,52,52,370,312,268,0,0,0,0,0,0,0,0,0,0,0,0,0,0,0,0,0,0,0,0,0,0,0,0,0,0,0,0,0,0,0,0]} 1. e4 e5 2. Qh5 Nc6 3. Bc4 g6 4. Qf3 (4. Qd1 Bg7 5. d3 Nf6 6. Nc3 d6 7. f4 Be6 8. Bb5 O-O 9. Bxc6 bxc6 10. fxe5 Ng4 11. Nf3 Nxe5 {0-1 (38) Adhiban,B (2655)-Cheparinov,I (2710) Riadh 2017}) 4... Nf6 5. Ne2 Bg7 6. d3 {C20: 1 e4 e5: Unusual White second moves} d6 7. h3 Na5 8. Nbc3 Nxc4 9. dxc4 Be6 10. Qd3 $146 ({Predecessor:} 10. b3 Nd7 11. Ng3 Nc5 {0-1 (29) Petrovic,Z (2094)-Vulinovic,R (2218) Belgrade 2014}) 10... Nd7 11. b3 O-O 12. Be3 f5 13. f3 Qh4+ 14. Bf2 Qg5 15. Rg1 Nc5 (15... a5 {is more complex.} 16. exf5 gxf5 17. a4 b6 18. Qe3 Qg6) 16. Qe3 $1 {[%cal Re3g5]} Qxe3 17. Bxe3 fxe4 18. Nxe4 Nxe4 19. fxe4 a6 20. Nc3 h5 21. Ke2 Kh7 22. Rgf1 Bh6 23. Bg1 Kg7 24. Nd5 Bxd5 25. cxd5 Rxf1 26. Rxf1 Rf8 27. Rxf8 Kxf8 $14 {[%mdl 4096] Endgame KB-KB} 28. Kd3 Ke8 29. Bf2 Bg5 30. Kc4 Kd7 31. a4 Kc8 32. b4 Kd7 33. b5 axb5+ 34. Kxb5 Bd2 35. c4 b6 36. Ka6 Kc8 37. g4 hxg4 38. hxg4 Bc3 39. Be3 Be1 40. Kb5 Kb7 41. Bc1 Bc3 42. Ba3 Be1 43. a5 Bxa5 44. c5 dxc5 45. Bb2 {[#]} Be1 (45... c4 $1 $11) 46. Bxe5 {And now Bf4 would win.} Bf2 $2 {[%mdl 8192]} (46... c4 $1 $14) 47. Bf6 $18 c4 {[#]} 48. Kxc4 $2 ({White must play} 48. Bc3 $1 $18) 48... c6 $1 $11 {The position is equal.} 49. Be5 b5+ 50. Kb4 Kb6 51. Bd6 Be1+ 52. Kb3 cxd5 53. exd5 Kb7 54. Kc2 Kc8 55. Kd3 Kd7 56. Bc5 Bg3 57. Ke4 Bd6 58. Bd4 Ke7 59. Be3 Kd7 60. Kd4 Kc7 61. Bd2 Kb7 62. Kd3 Kb6 63. Kd4 $1 Kb7 {Accuracy: White = 77%, Black = 69%.} 1/2-1/2

[Event "GCT Saint Louis Blitz 2019"]
[Site "Saint Louis"]
[Date "2019.08.13"]
[Round "7"]
[White "Vachier-Lagrave, Maxime"]
[Black "Yu, Yangyi"]
[Result "1-0"]
[WhiteElo "2778"]
[BlackElo "2736"]
[Annotator "TA"]
[PlyCount "195"]
[EventDate "2019.08.13"]
[EventType "tourn"]
[EventCountry "USA"]
[SourceTitle "playchess.com"]
[Source "ChessBase"]
[SourceQuality "1"]

{[%evp 13,195,33,35,39,43,23,48,24,26,21,22,11,21,21,28,27,28,14,13,13,28,8,10,13,15,4,15,19,24,-4,0,1,20,22,14,6,9,9,10,16,14,6,0,0,0,0,0,0,0,0,0,0,0,0,0,-22,0,0,0,0,5,0,0,0,5,-2,0,0,0,0,2,0,7,0,0,0,0,0,0,0,0,0,12,0,0,0,0,0,0,0,26,26,26,27,33,0,0,0,68,7,225,206,218,212,231,127,222,223,315,254,212,62,62,62,64,69,367,344,477,8,330,0,414,460,449,435,449,0,0,0,0,0,2186,2174,2502,2391,2793,2644,2960,2537,1793,1759,29969,29971,29971,29972,29970,29972,29972,29973,29973,29973,29970,29973,29971,9104,29971,29971,29957,6423,29977,29978,29979,29976,29975,29976,29982,29983,29983,29984,29985,29986,29986,29987,29988,29987,29987,29988,29989,29990,29991,29991,29992,29993]} 1. e4 e5 2. Nf3 Nf6 3. Nxe5 d6 4. Nf3 Nxe4 5. Nc3 Nf6 6. d4 Be7 7. Bd3 O-O 8. O-O {C42: Petroff Defence: 3 Nxe5 and unusual White 3rd moves} Nc6 9. h3 (9. d5 Nb4 10. Be2 c6 11. dxc6 bxc6 12. a3 Nbd5 13. Nxd5 Nxd5 14. Nd4 Bd7 15. Bf3 Rc8 16. Bxd5 cxd5 {1-0 (47) Caruana,F (2828)-Lenderman,A (2637) Saint Louis 2019}) 9... Nb4 10. Bc4 {White is slightly better.} d5 11. Bb3 c6 12. Re1 $146 ({Predecessor:} 12. Ne2 Na6 13. c3 Nc7 14. Bc2 Ne4 15. Ne5 {1-0 (71) Porubszky Angyalosine,M (2177)-Soos,L (2201) Hungary 2004}) 12... Na6 13. Ne2 Nc7 14. Ng3 Nfe8 15. c3 Nd6 16. Bc2 Re8 17. Ne5 g6 18. Qf3 Bg5 19. Be3 Ne6 20. Nf1 Ng7 21. Qg3 Bxe3 (21... Bh4 {looks sharper.} 22. Qf3 Bf5 23. Bxf5 Ngxf5 24. Bf4 Ne4) 22. Nxe3 Bf5 23. Nxf5 Ndxf5 24. Qf3 Qg5 25. g3 f6 26. Nd7 Kf7 27. Kf1 Rad8 28. Nc5 Nd6 29. Bb3 Qf5 30. Kg2 Qxf3+ 31. Kxf3 Ne6 32. Nd3 Re7 33. h4 Rde8 34. Re3 Nf5 35. Ree1 a5 36. Kg2 Nd6 37. Kf1 (37. f3 {is interesting.} Nc4 38. Kf2 Ra8 39. Ba4 b5 40. Bc2) 37... Ng7 38. Rxe7+ Rxe7 39. a4 Ne6 40. Bc2 Ne4 41. Rd1 Nc7 42. Nc1 Nd6 43. Bd3 Nc4 44. b3 Nb2 45. Rd2 Nxd3 46. Nxd3 $11 {[%mdl 4096] Endgame KRN-KRN} Ne6 47. Rb2 Rc7 48. Ke2 Ke7 49. Kd2 Kd6 50. Rb1 b6 51. h5 g5 52. b4 axb4 53. Rxb4 Rb7 54. h6 Nd8 55. Rb1 Ne6 (55... Ra7 $11) 56. f4 (56. a5 $1 $14) 56... g4 $2 {[#]} (56... Nd8 $11 {and Black has nothing to worry.}) 57. a5 $1 $18 {[%mdl 512]} b5 (57... bxa5 58. Rxb7) 58. a6 Ra7 59. Ra1 (59. Re1 $1 $18) 59... Nc7 (59... f5 $16) 60. Nc5 Ne6 61. Nb7+ Kc7 62. f5 ({White should play} 62. Re1 $18 Kd7 63. f5) 62... Ng5 $14 {next ...Ne4+ is good for Black.} 63. Nc5 Kb6 64. Ke3 $1 Nh3 $2 {[%mdl 8192]} ({Better is} 64... Re7+ $14 65. Kf4 Ka7) 65. Ne6 $1 $18 Re7 {[#]} 66. Ra2 $2 ({White has to play} 66. a7 $1 $18 {[%cal Ra7a8][%mdl 512]} Rxa7 67. Rxa7 Kxa7 68. Nc5) 66... Ra7 $2 {[%mdl 8192]} (66... Ka7 $1 $11 {and Black stays safe.}) 67. Ra1 Re7 $1 {[#] intending ...Ka7.} 68. a7 $1 {[%cal Ra7a8][%mdl 512]} Rxa7 69. Rxa7 Kxa7 {KN-KN} 70. Nf8 $2 ({Only move:} 70. Nc5 $18) 70... Ng5 $11 71. Kf4 Ka6 72. Kxg4 {Kf4 is the strong threat.} b4 $2 {[%mdl 8192]} (72... c5 $11 73. Nd7 (73. dxc5 d4 $11) 73... cxd4 74. Nxf6 dxc3 75. Nxd5 Nf7) 73. cxb4 $18 Kb5 74. Kh5 Kxb4 {[#]} 75. Nxh7 $1 {[%mdl 512]} Nxh7 {KN-KP} 76. Kg6 c5 77. dxc5 Kxc5 78. Kxh7 {K3P-KPP} d4 79. Kg6 d3 80. h7 d2 81. h8=Q d1=Q 82. Qxf6 {KQ-KQ} Qg4+ 83. Qg5 Qe4 84. Qc1+ (84. Kh6 $142 Qh1+ 85. Qh5 Qc1+ 86. Kg7 Qb2+ 87. f6+ Kb6 88. Qd5 Qc3 89. g4) 84... Kd5 85. Qd2+ Kc6 86. Kg5 (86. Qc3+ $142 Kb5 87. Kg5 Qd5 88. g4 Ka6 89. Qc8+ Kb5 90. Kg6 Qd3 91. g5) 86... Qf3 87. g4 {White mates.} Qe4 88. Qf4 Qd5 89. Kh6 Qh1+ 90. Kg7 Qa1+ 91. f6 Kd7 92. Qf5+ Kd6 93. g5 Qb2 94. Kh7 Qh2+ 95. Kg8 Qa2+ 96. f7 Ke7 97. Qf6+ Kd7 98. Kg7 {Accuracy: White = 57%, Black = 49%.} 1-0

[Event "GCT Saint Louis Blitz 2019"]
[Site "Saint Louis"]
[Date "2019.08.13"]
[Round "7"]
[White "Aronian, Levon"]
[Black "Rapport, Richard"]
[Result "1/2-1/2"]
[WhiteElo "2765"]
[BlackElo "2747"]
[Annotator "TA"]
[PlyCount "84"]
[EventDate "2019.08.13"]
[EventType "tourn"]
[EventCountry "USA"]
[SourceTitle "playchess.com"]
[Source "ChessBase"]
[SourceQuality "1"]

{[%evp 9,84,16,12,13,13,-39,-31,-20,-27,-28,-35,-26,0,0,0,0,7,3,15,11,18,23,29,8,29,22,30,27,28,32,30,21,23,0,0,0,14,0,0,0,0,0,0,0,0,0,0,0,0,0,0,0,0,0,0,-4,0,0,0,0,0,-25,-25,-57,-58,-83,-11,-11,-10,-13,0,-10,0,-28,0,-8,0]} 1. c4 e5 2. Nc3 Nc6 3. Nf3 g6 4. d4 exd4 5. Nxd4 Bg7 6. Be3 {A27: English Opening: Three Knights Variation} (6. Nxc6 bxc6 7. g3 Ne7 8. Bg2 O-O 9. O-O d6 10. Bg5 Be6 11. Qd3 Rb8 12. b3 c5 13. Rad1 h6 14. Bc1 Re8 15. Qd2 Kh7 16. Bb2 Ng8 17. Rfe1 Nf6 18. h3 {½-½ (33) So,W (2765)-Mamedyarov,S (2817) Kolkata 2018}) 6... Nf6 7. g3 $146 (7. Nxc6 $11 bxc6 8. g3) ({Predecessor:} 7. Qd2 O-O 8. Rd1 Re8 9. Bg5 Nxd4 10. Qxd4 h6 11. Bxf6 Bxf6 12. Qd2 d6 13. g3 Bg4 {0-1 (42) Vila Dupla,A (2171)-Perez Candelario,M (2568) Navalmoral 2013}) 7... O-O 8. Bg2 {Black is slightly better.} Ng4 9. Nxc6 dxc6 10. Bc5 Re8 11. Qxd8 Rxd8 12. Rc1 Be6 13. b3 Bh6 14. f4 Bf8 15. Bxf8 Kxf8 16. Ne4 Ke7 17. Nc5 Bc8 18. Bf3 h5 19. h3 Nf6 20. Kf2 a5 21. Rcd1 Rxd1 22. Rxd1 b6 23. Nd3 (23. Bxc6 {seems wilder.} Rb8 24. Na4 Bxh3 25. Nc3 Ng4+ 26. Kg1) 23... Bxh3 24. Ne5 Ng4+ 25. Bxg4 Bxg4 26. Nxc6+ $11 {[%mdl 4096] Endgame KRB-KRN} Ke8 27. Rd3 Bd7 28. Ne5 Be6 29. Nc6 Bd7 30. Ne5 Be6 31. Nc6 a4 32. Nd4 Bd7 33. b4 c5 34. bxc5 bxc5 35. Nc2 Bf5 36. Re3+ Kd7 37. Na3 Rb8 (37... Kc6 $17) 38. Nb5 Be6 39. Rd3+ Ke7 40. Rc3 Kd7 41. Rd3+ Ke7 (41... Kc6 $5 {[%cal Re6c4]} 42. Rd6+ Kb7 $15) 42. Rc3 Kd7 {Accuracy: White = 61%, Black = 52%.} 1/2-1/2

[Event "GCT Saint Louis Blitz 2019"]
[Site "Saint Louis"]
[Date "2019.08.13"]
[Round "7"]
[White "Mamedyarov, Shakhriyar"]
[Black "Ding, Liren"]
[Result "1/2-1/2"]
[WhiteElo "2764"]
[BlackElo "2805"]
[Annotator "TA"]
[PlyCount "57"]
[EventDate "2019.08.13"]
[EventType "tourn"]
[EventCountry "USA"]
[SourceTitle "playchess.com"]
[Source "ChessBase"]
[SourceQuality "1"]

{[%evp 27,57,8,12,0,0,0,0,0,0,-6,0,0,0,0,20,11,35,31,30,26,34,22,32,0,7,0,0,0,0,0,0,0]} 1. d4 e6 2. c4 b6 3. Nf3 Bb7 4. g3 Nf6 5. Bg2 Be7 6. O-O O-O 7. Nc3 Ne4 8. Nxe4 Bxe4 9. Ne1 Bxg2 10. Nxg2 d5 11. Qa4 (11. cxd5 exd5 12. Qa4 Qd7 13. Qxd7 {½-½ (14) Istratescu,A (2619)-Tkachiev,V (2649) Poikovsky 2007}) 11... Qd7 12. Qxd7 Nxd7 13. cxd5 exd5 14. Nf4 Nf6 15. Nd3 {E18: Queen's Indian: Old Main Line (4 g3 Bb7 5 Bg2 Be7 6 0-0 0-0 7 Nc3)} c5 16. dxc5 $146 ({Predecessor:} 16. Bg5 Rac8 17. dxc5 bxc5 18. Nf4 Rfd8 19. Rfd1 Kf8 20. Rac1 h6 21. Bxf6 Bxf6 22. b3 Bg5 23. Rc2 Bxf4 24. gxf4 Ke7 {½-½ (24) Novikov,I (2490)-Panchenko,A (2435) Tashkent 1986}) 16... bxc5 17. Bg5 c4 18. Nf4 h6 19. Bxf6 $1 Bxf6 20. Rac1 Rfd8 21. Rfd1 Bxb2 22. Rc2 c3 {Black wants to play ...d4.} 23. Nxd5 Rac8 24. e4 Kf8 25. Rd3 Rc4 {The position is equal.} 26. Re3 Rdc8 27. Kf1 Ra4 28. Nxc3 Bxc3 29. Rexc3 {Accuracy: White = 63%, Black = 76%.} 1/2-1/2

[Event "GCT Saint Louis Blitz 2019"]
[Site "Saint Louis"]
[Date "2019.08.13"]
[Round "7"]
[White "Karjakin, Sergey"]
[Black "Caruana, Fabiano"]
[Result "1-0"]
[WhiteElo "2750"]
[BlackElo "2818"]
[Annotator "TA"]
[PlyCount "61"]
[EventDate "2019.08.13"]
[EventType "tourn"]
[EventCountry "USA"]
[SourceTitle "playchess.com"]
[Source "ChessBase"]
[SourceQuality "1"]

{[%evp 10,61,10,0,26,26,26,18,25,17,18,17,23,28,32,11,16,0,0,0,0,0,0,-11,0,-95,20,27,21,20,87,69,83,82,68,64,94,76,207,191,198,191,384,361,415,429,460,452,453,438,403,0,1602,1602]} 1. d4 Nf6 2. Nf3 e6 3. e3 c5 4. Bd3 b6 5. O-O Bb7 6. c4 Bxf3 {E14: Queen's Indian: Classical Variation (4 e3)} (6... Be7 7. Nc3 cxd4 8. exd4 d5 9. cxd5 Nxd5 10. Bb5+ Bc6 11. Qa4 Qd7 12. Bxc6 Nxc6 13. Be3 Nxc3 14. bxc3 O-O 15. Rfd1 Rfd8 16. Rac1 Rac8 17. c4 Ne5 18. Qxd7 Nxf3+ 19. gxf3 Rxd7 {0-1 (40) Nakamura,H (2777)-So,W (2780) chess.com INT 2018}) 7. Qxf3 Nc6 8. d5 Ne5 {The position is equal.} 9. Qe2 exd5 10. cxd5 Nxd3 ({Of course not} 10... Nxd5 $6 11. Be4 $16) 11. Qxd3 Bd6 12. e4 O-O 13. f4 {[#]} c4 $1 {[%cal Rc4d3][%mdl 512]} 14. Qf3 $146 (14. Qxc4 Rc8) ({Predecessor:} 14. Qxc4) 14... Bc5+ 15. Kh1 $1 d6 $1 16. Nc3 {[%cal Bb1c3,Bc3e2,Be2g3,Bg3f5][%mdl 32]} Re8 17. g4 (17. Re1 $11 {remains equal.}) 17... Bd4 (17... Bb4 $1 $17 {White must now prevent ...Bxc3.} 18. Re1 Nxd5 $1 {[%mdl 512]}) 18. Ne2 $11 Bc5 19. Ng3 b5 (19... Qe7 $11) 20. Bd2 Nd7 21. Nf5 b4 22. g5 Rc8 23. Rae1 {[%cal Ba1e1,Be1c1,Bc1c4][%mdl 32]} Nf8 (23... Nb6 $16) 24. Rc1 a5 25. Rxc4 Qd7 $2 (25... Ng6 26. a3 Ne7) 26. b3 $18 Ng6 {[#]} 27. Bc1 $1 Ne7 28. Nxg7 Kxg7 29. Bb2+ (29. Qh5 Nxd5 30. Qh6+ (30. exd5 Qf5 $11) 30... Kg8 $14) 29... Kg8 30. Qh5 $2 (30. f5 $18) 30... Ng6 $2 {[%mdl 8192]} (30... Nf5 $11) 31. Bf6 {Accuracy: White = 74%, Black = 32%.} ({Less strong is} 31. Qh6 f6 $11) 1-0